Terjerat Di Ibu Kota

Bibliographic Details
Main Author: Usmaeli
Format: Book
Published: Shah Alam : Eddiplex SdnBhd. , 1998
Series:Siri Novel Fail Juvana
Subjects:

MARC

LEADER 00000cam a2200000 7i4500
001 0000009393
005 20090120.0
008 090120 bm
020 |a 9838803774 
090 0 0 |a JF SIR 
100 1 |a Usmaeli 
245 1 0 |a Terjerat Di Ibu Kota   |c Usmaeli 
260 |a Shah Alam :   |b Eddiplex SdnBhd. ,   |c 1998 
300 |a 101p. :   |b ill ;   |c 19cm. 
440 0 |a Siri Novel Fail Juvana 
650 0 0 |a Youth Fiction 
999 |a 113841   |b Buku   |c Koleksi Pinjaman Kanak-Kanak   |e Perpustakaan Cawangan Masjid Tanah 
999 |a 113842   |b Buku   |c Junior Fiction   |e Perpustakaan Cawangan Masjid Tanah 
999 |a 113843   |b Buku   |c Koleksi Pinjaman Kanak-Kanak   |e Perpustakaan Cawangan Jasin 
999 |a 113844   |b Buku   |c Koleksi Pinjaman Kanak-Kanak   |e Perpustakaan Cawangan Jasin 
999 |a 115192   |b Buku   |c Koleksi Pinjaman Kanak-Kanak   |e Perbadanan Perpustakaan Awam Melaka 
999 |a 94791   |b Buku   |c Koleksi Pinjaman Kanak-Kanak   |e Perbadanan Perpustakaan Awam Melaka